Chorvatsko na cestě k postnacionalizmu?
Protisrbská orientácia Chorvátov v medzivojnovej Juhoslávii. Nezávislý chorvátsky štát a ideológia ustašizmu. Politika F. Tudjmana a jeho podpora chorvátskeho nacionalizmu. Ukončenie vojny na území bývalej Juhoslávie Daytonskou dohodou. Vláda ľavého stredu v r.2000-2003 a zlepšenie politiky voči men...
Salvato in:
| Autore principale: | |
|---|---|
| Natura: | Capitolo di libro |
| Lingua: | ceco |
| Soggetti: | |
| Tags: |
Nessun Tag, puoi essere il primo ad aggiungerne!!
|
MARC
| LEADER | 00000naa$a2200000$$$4500 | ||
|---|---|---|---|
| 001 | 0037132 | ||
| 005 | 20231016092012.5 | ||
| 041 | 0 | |a cze | |
| 044 | |a CZ | ||
| 245 | 1 | 0 | |a Chorvatsko na cestě k postnacionalizmu? |c Přemysl Rosůlek |
| 520 | |a Protisrbská orientácia Chorvátov v medzivojnovej Juhoslávii. Nezávislý chorvátsky štát a ideológia ustašizmu. Politika F. Tudjmana a jeho podpora chorvátskeho nacionalizmu. Ukončenie vojny na území bývalej Juhoslávie Daytonskou dohodou. Vláda ľavého stredu v r.2000-2003 a zlepšenie politiky voči menšinám. Parlamentné voľby v r.2003 a úsilie o rýchlu integráciu Chorvátska do NATO a Európskej únie. Europeizácia krajiny. | ||
| 610 | 2 | 0 | |a politika vnútorná |
| 610 | 2 | 0 | |a politika zahraničná |
| 610 | 2 | 0 | |a strany politické |
| 610 | 2 | 0 | |a nacionalizmus |
| 610 | 2 | 0 | |a vojny |
| 610 | 2 | 0 | |a konflikty |
| 610 | 2 | 0 | |a menšiny národnostné |
| 610 | 2 | 0 | |a spolupráca medzinárodná |
| 610 | 2 | 0 | |a integrácia |
| 610 | 2 | 0 | |a Európska únia |
| 610 | 2 | 0 | |a Chorvátsko |
| 100 | 1 | |a Rosůlek, Přemysl | |